Countries of Oceania ranked by Size - Statistics

General Stats
  • This quiz has been taken 50 times
  • The average score is 13 of 14
Answer Stats
Rank Area (sq. miles) Country % Correct
1 2,969,121 Australia
100%
3 103,483 New Zealand
98%
2 178,704 Papua New Guinea
98%
5 7,056 Fiji
95%
4 11,157 Solomon Islands
95%
6 4,710 Vanuatu
91%
11 177 Palau
89%
14 8.1 Nauru
86%
7 1,093 Samoa
86%
8 313.1 Kiribati
84%
12 69.88 Marshall Islands
84%
9 289 Tonga
84%
13 10.04 Tuvalu
84%
10 271 F. S. Micronesia
82%
No matching quizzes found
Score Distribution
Percent of People with Each Score
Percentile by Number Answered
Your Score History
You have not taken this quiz